| 000 | 01169nam a22002297a 4500 | ||
|---|---|---|---|
| 999 |
_c57961 _d57961 |
||
| 003 | Ge_BSU | ||
| 005 | 20210408141955.0 | ||
| 008 | 210408s2015 ge ||||| |||| 00| 0 geo d | ||
| 041 | _ageo | ||
| 080 | _a81 ბ-20 | ||
| 100 |
_aმაკა ბალაძე _911203 |
||
| 245 |
_aევფემიზმების და დისფემიზმების გამოყენების თავისებურებები ინგლისურენოვანი და ქართული პრესის დისკურსში / _cმაკა ბალაძე; სამეცნ. ხელმძღვანელი ი. გოშხეთელიანი; ბსუ. |
||
| 264 |
_aბათუმი, _c2015. |
||
| 300 |
_a150 გვ. ; _b30 სმ. |
||
| 504 | _aბიბლიოგრ. გვ. 124-127 | ||
| 653 | _aფილოლოგია | ||
| 653 | _aლინგვისტიკა | ||
| 653 | _aდისერტაცია | ||
| 700 |
_aგოშხეთელიანი, ი. _eსამეცნ. ხელმძღვანელი _911204 |
||
| 710 |
_aბსუ _911205 |
||
| 942 |
_2udc _cBK |
||